header

Sandro Botticelli (Record no. 56885)

MARC details
000 -LEADER
fixed length control field 01404nam a2200385Ia 4500
100 1# - MAIN ENTRY--AUTHOR NAME
Personal name Gebhart, Emile,
245 10 - TITLE STATEMENT
Title Sandro Botticelli
260 ## - PUBLICATION, DISTRIBUTION, ETC. (IMPRINT)
Place of publication New York :
Name of publisher Parkstone International,
Year of publication c2010.
300 ## - PHYSICAL DESCRIPTION
Number of Pages 255 p. :
Other physical details col. ill.
490 1# - SERIES STATEMENT
Series statement Temporis
500 ## - GENERAL NOTE
General note Text originally published 1907?
650 #0 - SUBJECT ADDED ENTRY--TOPICAL TERM
Topical Term Art, Renaissance.
Topical Term Artists
700 1# - ADDED ENTRY--PERSONAL NAME
Personal name Charles, Victoria.
856 40 - ELECTRONIC LOCATION AND ACCESS
Uniform Resource Identifier http://site.ebrary.com/lib/rucke/Doc?id=10622128

No items available.

© 2026 Rongo University
Contact us: librarian | system librarian | Rongo university